| 000 | 00470nam a2200157 a 4500 | ||
|---|---|---|---|
| 001 | 000047425 | ||
| 005 | 20201002060531.0 | ||
| 008 | 180528s2017 dr 000 spa d | ||
| 040 |
_aDO-SdBNP _bspa _cBNPHU |
||
| 082 |
_axxx _bF |
||
| 100 | 1 |
_aRodríguez, Domingo Antonio _974391 |
|
| 245 | 0 |
_aFilosofía : _bDomingo Antonio Rodríguez _bguía didáctica. |
|
| 260 |
_aSanto Domingo : _bNuevo Diario, _c2017. |
||
| 300 |
_a128 p. ; _c29 cm. |
||
| 590 | _aInventariado,2018/DG | ||
| 999 |
_c46913 _d46913 |
||